00750cam a22002417a 4500003000500000005001700005008004100022010000700063011000900070035000800079040000900087082001600096100002300112245007200135260003300207300002000240490005700260650005400317650003900371650001700410650002400427830005700451CHAP20220817040753.0971010s1987 r 00010 d a56 a1028 a203 cCHAP04a636.08bS3800aSasimowski, Ewald.10aAnimal breeding and production :ban outlinec/por Ewald Sasimowski aAmsterdam :bElsevier,c1987 a782 p.b: ilus. 0aDevelopments in animal and veterinary sciencesv; 1914aAnimales domésticosxAnatomía y fisiología.14aAnimales domesticosxMejoramiento.14aGanadería.14aNutrición animal.0 aDevelopments in animal and veterinary sciencesv; 19